Livio Vacchini /

Bibliographic Details
Main Author: Vacchini, Livio, 1933-2007
Other Authors: Norberg-Schulz, Christian, Vigato, Jean-Claude
Format: Book
Language:Spanish
English
Published: Barcelona : G. Gili, 1989
Edition:3a ed.
Series:Catálogos de arquitectura contemporánea.
Subjects:

MARC

Tag First Indicator Second Indicator Subfields
LEADER 00000cam a2200000 a 4500
001 in00000970643
005 20150927114149.0
008 900220c19891987sp aec 00010 spa d
020 |a 8425213185 
035 |a (OCoLC)21095392 
035 |9 AEW8275AM 
040 |a FLL  |c FLL  |d UtOrBLW 
041 1 |a spa  |a eng 
043 |a e-sz--- 
049 |a TXAM 
090 |a NA1353.V33  |b V33x 
090 |a NA1353.V33  |b V33 1989 
100 1 |a Vacchini, Livio,  |d 1933-2007. 
245 1 0 |a Livio Vacchini /  |c introducciones Ch. Norberg-Schulz, Jean Claude Vigato. 
250 |a 3a ed. 
264 1 |a Barcelona :  |b G. Gili,  |c 1989 
264 4 |c ©1987 
300 |a 96 pages :  |b illustrations, plans, portrait ;  |c 24 cm. 
336 |a text  |b txt  |2 rdacontent 
337 |a unmediated  |b n  |2 rdamedia 
338 |a volume  |b nc  |2 rdacarrier 
490 1 |a Catálogos de arquitectura contemporánea =  |a Current architecture catalogues 
500 |a English and Spanish. 
504 |a Bibliography: page 95. 
600 1 0 |a Vacchini, Livio,  |d 1933-2007. 
650 0 |a Architects  |z Switzerland. 
650 0 |a Architecture  |z Switzerland  |x History  |y 20th century  |x Designs and plans. 
700 1 |a Norberg-Schulz, Christian. 
700 1 |a Vigato, Jean-Claude. 
830 0 |a Catálogos de arquitectura contemporánea. 
999 |a MARS 
999 f f |s 83dc9224-f439-3c76-8aac-e5cba6599a68  |i 8c660a5a-47dc-3c87-bc04-d4ba69d7fc97  |t 0 
952 f f |p ric  |a Texas A&M University  |b Rellis Campus  |c Joint Library Facility  |d Remote Storage  |t 0  |e NA1353.V33 V33 1989  |h Library of Congress classification  |i unmediated -- volume  |m A14813491982 
998 f f |a NA1353.V33 V33 1989  |t 0  |l Remote Storage